Normal view
MARC view
- نجم ، محمد صبحي
Entry Personal Name
001 - CONTROL NUMBER
- control field: 25084
003 - CONTROL NUMBER IDENTIFIER
- control field: JO-AjAnu
005 - DATE AND TIME OF LATEST TRANSACTION
- control field: 20230606074306.0
008 - FIXED-LENGTH DATA ELEMENTS
- fixed length control field: 230606|| aca||aabn | a|a d
040 ## - CATALOGING SOURCE
- Original cataloging agency: JO-AjAnu
- Transcribing agency: JO-AjAnu
100 ## - HEADING--PERSONAL NAME
- Personal name: نجم ، محمد صبحي
670 ## - SOURCE DATA FOUND
- Source citation: Work cat.: (JO-AjAnu)12904: نجم ، محمد صبحي , author, قانون العقوبات : القسم الخاص، الجرائم المخلة بالمصلحة العامة والثقة العامة والجرائم الواقعة على الأموال وملحقاتها